| 000 | 00704nam a2200265Ia 4500 | ||
|---|---|---|---|
| 003 | OSt | ||
| 005 | 20221006155010.0 | ||
| 006 | a|||||r|||| 00| 0 | ||
| 007 | ta | ||
| 008 | 221006b |||||||| |||| 00| 0 chi d | ||
| 020 |
_a9787020025190 _cYuan 19.40 |
||
| 024 | _a39,933 | ||
| 037 | _cTextual | ||
| 040 |
_aEASL _cEASL _bchi |
||
| 041 |
_2chi _achi |
||
| 082 | _aO41xN, N8 | ||
| 100 |
_aLiu Shao Tang _9668085 |
||
| 245 | 0 | _aZhongguo dangdai zuo jia xuan ji congshu | |
| 260 |
_aBeijing _bRenmin Wenxue Chubanshe China _c1998 |
||
| 300 |
_a464p. _ccm. |
||
| 490 | _v CL | ||
| 650 |
_aCL _9642733 |
||
| 942 |
_hO41xN, N8 _cTEXL _2CC |
||
| 999 |
_c1108019 _d1108019 |
||